Triste animal; La soledad del guardaespaldas / (Record no. 97160)

MARC details
000 -LEADER
campo de control de longitud fija 00804nam a2200229 i 4500
001 - NÚMERO DE CONTROL
campo de control 97160
003 - IDENTIFICADOR DE NÚMERO DE CONTROL
campo de control ES-MaACL
005 - FECHA Y HORA DE LA ÚLTIMA TRANSACCIÓN
campo de control 20250824071913.0
007 - CAMPO FIJO DE DESCRIPCIÓN FÍSICA--INFORMACIÓN GENERAL
campo de control de longitud fija t|
008 - DATOS DE LONGITUD FIJA--INFORMACIÓN GENERAL
campo de control de longitud fija 050707s1985 sp ||||1| spa d
020 ## - NÚMERO INTERNACIONAL ESTÁNDAR DEL LIBRO
Número Internacional Estándar del Libro 84-505-2037-1
100 1# - ENTRADA PRINCIPAL--NOMBRE DE PERSONA
Nombre de persona Maqua, Javier.
9 (RLIN) 76275
245 10 - MENCIÓN DEL TÍTULO
Título Triste animal; La soledad del guardaespaldas /
Mención de responsabilidad, etc. Javier Maqua.
260 ## - PUBLICACIÓN, DISTRIBUCIÓN, ETC.
Lugar de publicación, distribución, etc. Madrid :
Nombre del editor, distribuidor, etc. Centro Nacional de Nuevas Tendencias Escénicas,
Fecha de publicación, distribución, etc. 1985.
300 ## - DESCRIPCIÓN FÍSICA
Extensión 173 p. ;
Dimensiones 17 cm.
490 1# - MENCIÓN DE SERIE
Mención de serie Nuevo teatro español ;
Designación de volumen o secuencia 4
710 2# - ENTRADA AGREGADA--NOMBRE DE ENTIDAD CORPORATIVA
Nombre de entidad corporativa o nombre de jurisdicción como elemento de entrada Centro Nacional de Nuevas Tendencias Escénicas (España)
9 (RLIN) 134239
740 3# - ENTRADA AGREGADA--TÍTULO RELACIONADO/ANALÍTICO NO CONTROLADO
Título relacionado o analítico no controlado La soledad del guardaespaldas.
830 00 - PUNTO DE ACCESO ADICIONAL DE SERIE-TÍTULO UNIFORME
Título uniforme Nuevo teatro español (Centro Nacional de Nuevas Tendencias Escénicas)
Designación de volumen o secuencia 4
9 (RLIN) 180888
852 ## - LOCALIZACIÓN
Ubicación ES-MaACL
Número de control de estantería L-10948
Sublocalización o colección R.112483
Holdings
Estatus retirado Estado de pérdida Estado de daño No para préstamo Biblioteca de origen Biblioteca actual Ubicación en estantería Fecha de adquisición Fuente de adquisición Total de préstamos Signatura topográfica completa Código de barras Visto por última vez Precio de reemplazo Tipo de ítem Koha
        Biblioteca del Ateneo de Madrid Biblioteca del Ateneo de Madrid Depósito 2 17/01/2008     L-10948 1101434 23/02/2023 23/02/2023 Libro impreso